LEADER 01058nam a2200229 i 4500 001 000000036005 003 CaOOAMICUS 005 20040604000000.0 008 040604s1907 it u000 u ita u 013 $a5043 040 $aSeMil$bita 100 1 $aDe Lorenzo, Giuseppe <1871-1957>.$0(OLS)http://semarc/name/9332 245 12$aL'Etna /$cGiuseppe De Lorenzo. 260 $aBergamo :$bIstituto Italiano d'Arti Grafiche,$c1907. 300 $a154 p. :$bcon 150 illustrazioni e 3 tavole, [ripieg. fuori testo] ;$c27 cm. 490 0 $aCollezione di monografie illustrate. Serie 1., Italia artistica ;$v36. 650 4$aEtna - Guide artistiche.$0(OLS)http://semarc/subject/6734 830 0$aCollezione di monografie illustrate. Serie 1., Italia artistica ;$v36.$0(OLS)http://semarc/title/176 850 $aSeMil 852 $aSeMil$W1$xVenegono$y1$m5H XVI 36$j2160$B2160$CSeMilBibl$Z2$F2160 $81 996 $6245$aL'Etna$9(OLS)http://semarc/title/49591 996 $6260$aBergamo :$bIstituto Italiano d'Arti Grafiche$9(OLS)http://semarc/publisher/29676 LEADER 00999nam a2200265 i 4500 001 000000190265 003 CaOOAMICUS 005 20230426160114.0 008 150219s1962 it u000 u ita u 013 $a168631 040 $aSeMil$bita 245 00$a2: Dalla Grecia ai Bizantini /$ca cura di Maurizio Bonicatti. 260 $aMilano :$bFabbri,$c1962. 300 $a239 p. :$bill. ;$c31 cm. 500 $aFondo card. Giovanni Colombo. 650 4$aArte greca.$0(OLS)http://semarc/subject/2713 650 4$aGrecia antica - Arte.$0(OLS)http://semarc/subject/35884 773 0 $tCapolavori nei secoli.$dMilano : Fabbri, 1961-1964.$g2$w()31451 850 $aSeMil 852 $aSeMil$W1$xVenegono$y1$m3GC VIII 55$j140893$B140893$CSeMilBibl$Z2$F152505 $8B 941 1 $a3 961 $aLascito: Colombo Card. Giovanni 996 $6245$a2: Dalla Grecia ai Bizantini$9(OLS)http://semarc/title/274100 996 $6260$aMilano :$bFabbri$9(OLS)http://semarc/publisher/30054 LEADER 01441nam a2200337 i 4500 001 000000049902 003 CaOOAMICUS 005 20080215000000.0 008 080215s1968 it u000 u ita u 013 $a21073 040 $aSeMil$bita 100 0 $aIoannes Paulus II,$c.$0(OLS)http://semarc/name/646 240 10$aMilosc i odpowiedzialnosc.$0(OLS)http://semarc/title/76074 245 10$aAmore e responsabilità :$bstudio di morale sessuale /$cKarol Wojtyla ; prefazione alla edizione italiana del card. Giovanni Colombo. 260 $aTorino :$bMarietti,$cstampa 1968. 300 $a287 p. ;$c22 cm. 490 0 $aLa vela : maior 500 $aFondo Card. Giovanni Colombo. 650 4$aMorale sessuale.$0(OLS)http://semarc/subject/3413 700 1 $aColombo, Giovanni,$c.$0(OLS)http://semarc/name/1549 830 3$aLa vela. Maior.$0(OLS)http://semarc/title/6582 850 $aSeMil 852 $aSeMil$W1$xVenegono$y1$m2E III 162 °$j16057$B16057$CSeMilBibl$Z2$F16057 $81 900 1 $aWojtyla, Karol,$d<1920-2005>. 900 0 $aGiovanni Paolo II$c. 941 1 $a3 961 $aLascito: Colombo Card. Giovanni 996 $6245$aAmore e responsabilità :$bstudio di morale sessuale$9(OLS)http://semarc/title/76073 996 $6260$aTorino :$bMarietti$9(OLS)http://semarc/publisher/29916 LEADER 01198nam a2200265 i 4500 001 000000075732 003 CaOOAMICUS 005 20120720000000.0 008 120720s1997 xx u000 u ger u 013 $a46904 020 $a88-7652-742-7 040 $aSeMil$bita 100 1 $aMargelist, Stefan.$0(OLS)http://semarc/name/37395 245 14$aDie Beweiskraft der Parteiaussagen in Ehenichtigkeitsverfahren /$cStefan Margelist. 260 $aRoma :$bPontificia Università Gregoriana,$cstampa 1997. 300 $a223 p. ;$c25 cm. 490 0 $aTesi Gregoriana. Serie Diritto canonico ;$v14 650 4$aMatrimonio canonico - Annullamento.$0(OLS)http://semarc/subject/10815 830 0$aTesi Gregoriana. Serie Diritto canonico ;$v14.$0(OLS)http://semarc/title/400183 850 $aSeMil 852 $aSeMil$W1$xVenegono$y1$m2HA B 14$j265151$B41884$CSeMilBibl$Z2$F41888 $81 961 $aSottoscrizione: Città Nuova 996 $6020$a88-7652-742-7$9(OLS)http://semarc/number/56391 996 $6245$aDie Beweiskraft der Parteiaussagen in Ehenichtigkeitsverfahren$9(OLS)http://semarc/title/122811 996 $6260$aRoma :$bPontificia Università Gregoriana$9(OLS)http://semarc/publisher/29750 LEADER 00606nab a2200133 i 4500 001 000000322750 003 CaOOAMICUS 005 20180831173411.0 008 180831n it uu u0 0ita r 013 $a33071 040 $aSeMil$bita 245 12$aL'Associazione "Amici del Seminario". Animare la comunità cristiana per suscitare vocazioni sacerdotali. - In [rubrica] :$bDe Amicitia. 773 0 $t[FEBBRAIO 2005]. - 32 p.$gp.23$w()259803 996 $6245$aL'Associazione "Amici del Seminario". Animare la comunità cristiana per suscitare vocazioni sacerdotali. - In [rubrica] :$bDe Amicitia.$9(OLS)http://semarc/title/396208 LEADER 00937nam a2200229 i 4500 001 000000063988 003 CaOOAMICUS 005 19980915000000.0 008 980915s1998 fr u000 u mul u 013 $a35160 020 $a2-204-06080-1 040 $aSeMil$bita 245 10$a3., 38 - 4., 78 /$cintroduction, texte, traduction et notes par Adalbert de Vogüé. 300 $a466 p. 490 0 $aSources Chrétiennes ;$v432 773 0 $aGregorius I, $tCommentaire sur le prémier livre des Rois.$dParis : Les Éditions du Cerf, 1989.$g3$w()618 830 0$aSources chrétiennes ;$v432.$0(OLS)http://semarc/title/72 850 $aSeMil 852 $aSeMil$W1$xVenegono$y1$mSL1.T VIII 432$j30141$B30141$CSeMilBibl$Z2$F30144 $8I 961 $aSottoscrizione: Cerf (Éditions) 996 $6020$a2-204-06080-1$9(OLS)http://semarc/number/40815 996 $6245$a3., 38 - 4., 78$9(OLS)http://semarc/title/101173 LEADER 00687naa a2200145 i 4500 001 000000297548 003 CaOOAMICUS 005 20180831172607.0 008 180831n xx u000 u und u 013 $a5110 040 $aSeMil$bita 100 1 $aFisichella, Rino,$c.$0(OLS)http://semarc/name/3789 245 10$aEcclesialità dell'atto di fede ; Fides quaerens caritatem :$bovvero l'amore come presupposto della fede. 773 0 $tNoi crediamo.$dBologna : Dehoniane, 1993.$kBiblioteca di ricerche teologiche$z88-396-0491-X$w()59778 996 $6245$aEcclesialità dell'atto di fede ; Fides quaerens caritatem :$bovvero l'amore come presupposto della fede$9(OLS)http://semarc/title/373579